000 01449nam a2200385 i 4500
001 30722
003 KOSZ 005
005 20221014102333.0
008 961010s1995 pl f |000 0 pol d
020 _a83863359021
040 _cKOSZ 005
_aKOSZ 005
_dKOSZ 005/HR
046 _k1995
080 _a621.78
080 _a669.1
100 1 _aUstasiak, Mieczysław
_d(1936- )
_eAutor
245 1 0 _aStale narzędziowe :
_bgatunki, obróbka cieplna, zastosowania /
_cMieczysław Ustasiak, Mieczysław Wysiecki.
260 _aSzczecin :
_bWydawnictwo Uczelniane PS,
_c1995.
300 _a52 s. :
_brys. ;
_c24 cm.
336 _2rdacontent
_aTekst
_btxt
337 _2rdamedia
_aBez urządzenia pośredniczącego
_bn
338 _2rdacarrier
_aWolumin
_bnc
380 _aKsiążki
388 _a1901-2000
388 _a1989-2000
490 1 _aPrace Naukowe Politechniki Szczecińskiej. Instytut Inżynierii Materiałowej,
_x0208-7979 ;
_vnr 16
500 _aNumeracja ser. gł. : nr 522.
504 _aBibliogr. s. 51-52.
650 7 _aObróbka cieplna
650 7 _aStal narzędziowa
658 _aInżynieria i technika
700 1 _aWysiecki, Mieczysław
_d(1935- )
_eAutor
830 0 _aPrace Naukowe Politechniki Szczecińskiej.
_pInstytut Inżynierii Materiałowej
_vnr 16
856 _uhttp://koha.tu.koszalin.pl/cgi-bin/koha/opac-detail.pl?biblionumber=30722
_yKatalog online BPK
942 _cKS
_2UKD
999 _c30722
_d30722